Statistiques concernant Pays Champions du Monde des principaux sports collectifs

Cliquez ici pour prendre le quiz!

Statistiques générales

  • Ce quiz a été pris 8 128 fois
    (1 289 depuis la dernière actualisation)
  • Le résultat moyen est 42 sur 58

Statistiques - réponses

Pays% Correct
France
100%
France
100%
Allemagne
99%
Allemagne
99%
Allemagne
99%
Allemagne
99%
Brésil
99%
Brésil
99%
Brésil
99%
Argentine
98%
Espagne
98%
Espagne
98%
Espagne
98%
Etats-Unis
98%
Etats-Unis
98%
Etats-Unis
98%
Grande-Bretagne
98%
Angleterre
97%
Angleterre
97%
Italie
97%
Italie
97%
Italie
97%
Canada
95%
Nouvelle-Zélande
95%
Afrique du sud
93%
Australie
92%
Australie
92%
Suède
91%
Suède
91%
Russie
89%
Russie
89%
Uruguay
87%
Danemark
83%
Finlande
75%
Pologne
70%
Inde
66%
Croatie
64%
Pays-Bas
64%
Serbie
61%
Belgique
60%
Hongrie
51%
Slovaquie
51%
Roumanie
44%
URSS
43%
URSS
43%
URSS
43%
URSS
43%
URSS
43%
République Tchèque
42%
Yougoslavie
35%
Yougoslavie
35%
Yougoslavie
35%
Pakistan
30%
Tchécoslovaquie
20%
Tchécoslovaquie
20%
Tchécoslovaquie
20%
RDA
16%
Serbie-et-Monténégro
2%

Distribution des résultats

Percentile par nombre de réponses

% des personnes avec chaque résultat

Votre développement - résultats

Vous n’avez pas pris ce quiz depuis la dernière actualisation